000 00265nam a22001217a 4500
008 181218b xxu||||| |||| 00| 0 eng d
041 _aeng
080 _22nd
_a573
100 _a11
101 _aBIO
245 _aClinical Oral Biology
_cKardos,T
942 _2udc
_cBK
999 _c53359
_d53359